Měření vysokých teplot /

Salvato in:
Dettagli Bibliografici
Autore principale: Gross, Boleslav (Autore)
Natura: Libro
Lingua:ceco
Pubblicazione: Praha : SNTL, 1962
Soggetti:
Tags: Aggiungi Tag
Nessun Tag, puoi essere il primo ad aggiungerne!!

MARC

LEADER 00000nam a22000003a 4500
001 stu36590
005 20150617225727.1
008 920611s1962----cs------------------cze-d
040 |a STU  |b slo 
041 0 |a cze 
044 |a cs 
080 |a 536.5  |7 stu_us_auth*stu8415 
100 1 |a Gross, Boleslav  |4 aut 
245 1 |a Měření vysokých teplot /  |c [aut.]Boleslav Gross 
260 |a Praha :  |b SNTL,  |c 1962 
300 |a 206 s 
650 7 |a teplota  |2 stusub 
650 7 |a meranie  |2 stusub 
650 7 |a meranie teploty  |2 stusub 
996 |b 284M046998  |c M*3138-1  |l MMKN  |s A  |a 24  |w stu36590_0001